Linkin Park's Most Streamed Songs - Statistics

General Stats
  • This quiz has been taken 735 times
    171 since last reset
  • The average score is 13 of 20
Answer Stats
Hint Answer % Correct
3,004,529,489 In The End
99%
2,607,574,377 Numb
95%
1,257,832,936 Numb - Encore (ft. Jay Z)
95%
1,231,974,565 Faint
79%
1,320,028,521 What I've Done
77%
886,447,864 Crawling
74%
770,827,541 Papercut
74%
959,708,999 Somewhere I Belong
73%
1,142,473,232 One Step Closer
69%
776,961,860 The Emptiness Machine
65%
881,237,725 Bleed It Out
60%
647,723,428 Breaking The Habit
54%
527,234,671 Given Up
54%
685,648,203 BURN IT DOWN
52%
406,454,004 Heavy (ft. Kiiara)
52%
527,439,788 One More Light
50%
466,274,424 New Divide
46%
522,029,776 CASTLE OF GLASS
43%
416,681,170 Heavy Is The Crown
43%
456,085,716 Lying From You
28%
No matching quizzes found
Score Distribution
Percent of People with Each Score
Percentile by Number Answered
Your Score History
You have not taken this quiz since the last reset